000 00815 a2200241 4500
020 _a007069348X
020 _a9780070693487
082 0 4 _a657
090 _c2292
_d2292
100 1 _aWeaver, D. H.
245 1 0 _aAccounting :
_bsystems and procedures, advanced course /
_cD. H. Weaver.
250 _a2 Sub ed.
260 _a[S.l.] :
_bGregg/Community College Div,
_c1989.
300 _a597 p.
490 1 _aMcgraw-hill accounting 10/12 series.
500 _aHardcover.
700 1 _aSmiley, James M.
700 1 _aBrower, Edward B.
830 0 _aMcgraw-hill accounting 10/12 series.
856 4 0 _3Amazon.com
_uhttp://www.amazon.com/exec/obidos/ASIN/007069348X/chopaconline-20
856 4 0 _3Amazon customer reviews
_uhttp://www.chopac.org/cgi-bin/tools/azrev.pl?q=007069348X
942 _aNBS
_cBK
_k657 WEA
999 _c344793
_d344793